Districts (Raions / Rayons) of Kaliningrad Oblast' - Statistics

General Stats
  • This quiz has been taken 27 times
  • The average score is 9 of 22
Answers on the Map
Answers color-coded by a green-red scale on the quiz's map according to % correct below.
 
Answer Stats
Districts % Correct
Kaliningrad
100%
Sovetsk
88%
Baltiysk
63%
Svetlogorsk
63%
Zelenogradsk
63%
Bagrationovsk
50%
Chernyakhovsk
50%
Gusev
50%
Polessk
50%
Mamonovo
38%
Svetlyy
38%
Gvardeysk
25%
Krasnoznamensk
25%
Ladushkin
25%
Neman
25%
Nesterov
25%
Ozyorsk
25%
Pravdinsk
25%
Slavsk
25%
Yantarnyy
25%
Gur'evsk
13%
Pionerskiy
13%
No matching quizzes found
Score Distribution
Percent of People with Each Score
Percentile by Number Answered
Your Score History
You have not taken this quiz